| 000 | 00769nam a22002175i 4500 | ||
|---|---|---|---|
| 001 | 165125 | ||
| 003 | ES-MaACL | ||
| 005 | 20230906213054.0 | ||
| 008 | 050812m18881900sp | |||||||| ||spa d | ||
| 040 |
_aCAM _bspa _cCAM |
||
| 100 | 1 |
_aSegovia Rocaberti, Enrique. _9132625 |
|
| 245 | 1 | 3 |
_aEl voto de castidad / _cnovela original de Enrique Segovia Rocaberti. |
| 260 |
_aMadrid : _b[s.n.], _c[s.a.] ( _fImprenta Popular, á cargo de Tomás Rey) |
||
| 300 |
_a116 p. ; _c19 cm. |
||
| 490 | 1 | _aNovelas de El Motín | |
| 500 | _aIncluye: Collet : el sacerdote ladrón y estafador. | ||
| 596 | _aProbablemente impreso entre 1888 y 1900. | ||
| 830 | 0 |
_aNovelas de El Motín _9222438 |
|
| 852 | 4 |
_aES-MaACL _jD-1759 _z-- Legado M. de la Fuente |
|
| 999 |
_c165125 _d165125 |
||